000 00599nam a2200193 i 4500
001 49990
003 ES-MaACL
005 20230906162110.0
007 t|
008 030728s1922 fr ||||1| fre d
100 1 _aCresson, André.
_941564
245 1 0 _aReactions intellectueles élémentaires /
_cpar André Cresson.
260 _aParis :
_bFélix Alcan,
_c1922 (
_fTours E. Arrault)
300 _a152 p. ;
_c19 cm.
490 1 _aBibliothèque de philosophie contemporaine
830 0 _aBibliothèque de philosophie contemporaine
_9181027
852 _aES-MaACL
_jF-11935
999 _c49990
_d49990